000 00556cam a22002053a 4500
001 35205
003 PGUSA
005 20140828083747.0
008 110207s2011||||xxu|||||s|||||000 | eng d
040 _aPGUSA
_beng
042 _adc
100 1 _aKent, Elizabeth,
_d1875-1947
245 1 0 _aWho?
_h[electronic resource] /
_cElizabeth Kent
260 _bProject Gutenberg,
_c2011
506 _aPublic domain in the USA.
516 _aElectronic text
830 0 _aProject Gutenberg
_v35205
856 4 0 _uhttp://www.gutenberg.org/ebooks/35205
942 _cEB
999 _c264460
_d264460